| 000 | 00360nam a2200145Ia 4500 | ||
|---|---|---|---|
| 008 | 150201s2004 xx 000 0 und d | ||
| 082 |
_a615 _bS04L |
||
| 100 | _aLILLEY , LINDA LANE | ||
| 245 | _aSTUDY GUIDE FOR PHARMACOLOGY & NURSING PROCESS | ||
| 250 | _a4TH | ||
| 260 |
_bMOSBY _aUSA _c2004 |
||
| 300 | _a249 | ||
| 650 | _aPHARMACOLOGY | ||
| 942 |
_2ddc _cBK _01 |
||
| 999 |
_c2029 _d2029 |
||